000 00474nam a2200193Ia 4500
005 20230615104302.0
008 131103s9999 xx 000 0 und d
020 _a330242237
040 _aLoreto College
041 _aEnglish
082 _aF
_bDUM
100 _aDu Maurier,Daphne
245 4 _aThe King's General
_cDaphne du Maurier
260 _aLondon
_bPan Books Ltd.
_c1946
300 _a349 p.
650 _aFiction in English
850 _aLCLIB
942 _cBK
999 _c15794
_d66273